Բանակցային առաջնագծում ։ (Record no. 527740)
[ view plain ]
| 000 -LEADER | |
|---|---|
| fixed length control field | 01420nam a2200253 a 4500 |
| 001 - CONTROL NUMBER | |
| control field | 1892278 |
| 003 - CONTROL NUMBER IDENTIFIER | |
| control field | AM-YEHGA |
| 005 - DATE AND TIME OF LATEST TRANSACTION | |
| control field | 20251104105415.0 |
| 008 - FIXED-LENGTH DATA ELEMENTS--GENERAL INFORMATION | |
| fixed length control field | 230321s2023 ai od||gr|||||||||0|arm|d |
| 020 ## - INTERNATIONAL STANDARD BOOK NUMBER | |
| International Standard Book Number | 9789939884790 |
| 040 ## - CATALOGING SOURCE | |
| Original cataloging agency | AM-YeHGA |
| 041 0# - LANGUAGE CODE | |
| Language code of text/sound track or separate title | arm |
| 090 ## - LOCALLY ASSIGNED LC-TYPE CALL NUMBER (OCLC); LOCAL CALL NUMBER (RLIN) | |
| -- | 565858 |
| 245 00 - TITLE STATEMENT | |
| Title | Բանակցային առաջնագծում ։ |
| Remainder of title | Սերժ Սարգսյանը՝ Արցախյան հակամարտության կարգավորման մասին (2008-2022) / |
| Statement of responsibility, etc. | [Նախագծի հեղինակ՝ Մ. Հարությունյան ; Կազմողներ`Ք. Առաքելյան, Մ. Եսոյան ; Լուսանկարիչ՝ Մ. Շահբազյան, Դ. Հակոբյան ; Դիզայներ՝ Է. Պողոսյան, Սրբագրիչ՝ Ն. Հովակիմյան]. |
| 260 ## - PUBLICATION, DISTRIBUTION, ETC. | |
| Place of publication, distribution, etc. | Երևան : |
| Name of publisher, distributor, etc. | [Անտենոր], |
| Date of publication, distribution, etc. | 2023. |
| 300 ## - PHYSICAL DESCRIPTION | |
| Extent | 457 էջ + 8 ներդիր թ. : |
| Other physical details | լուսանկ., աղյուսակ ; |
| Dimensions | 24 սմ. |
| 600 14 - SUBJECT ADDED ENTRY--PERSONAL NAME | |
| Personal name | Սարգսյան, Սերժ Ազատի |
| Dates associated with a name | 1954- |
| 9 (RLIN) | 9093 |
| 650 14 - SUBJECT ADDED ENTRY--TOPICAL TERM | |
| Topical term or geographic name entry element | Հայ քաղաքական գործիչներ |
| 9 (RLIN) | 5279 |
| 700 1# - ADDED ENTRY--PERSONAL NAME | |
| Personal name | Հարությունյան, Մերի |
| Relator term | նախագծի հեղ. |
| Relationship | prg |
| 700 1# - ADDED ENTRY--PERSONAL NAME | |
| Personal name | Կատվալյան, Վիկտոր |
| Relator term | խմբ. |
| Relationship | edt |
| Relator term | կազմ. |
| Relationship | com |
| Relator term | առաջաբ. հեղ. |
| Relationship | aui |
| 9 (RLIN) | 3990 |
| 700 1# - ADDED ENTRY--PERSONAL NAME | |
| Personal name | Սարյան, Ռուզան |
| Relator term | կազմ. |
| Relationship | com |
| Relator term | առաջաբ. հեղ. |
| Relationship | aui |
| 700 1# - ADDED ENTRY--PERSONAL NAME | |
| Personal name | Շահբազյան, Մարտին |
| Relator term | լուսանկ. |
| Relationship | pht |
| 942 ## - ADDED ENTRY ELEMENTS (KOHA) | |
| Source of classification or shelving scheme | Universal Decimal Classification |
| Koha item type | Գրքեր / Books |
| Koha issues (borrowed), all copies | 2 |
| Withdrawn status | Lost status | Source of classification or shelving scheme | Damaged status | Not for loan | Collection | Home library | Current library | Date acquired | Total checkouts | Full call number | Barcode | Date last seen | Date last checked out | Price effective from | Koha item type | Public note |
|---|---|---|---|---|---|---|---|---|---|---|---|---|---|---|---|---|
| Universal Decimal Classification | General | Fundamental Scientific Library | Fundamental Scientific Library | 27/04/2023 | 2 | AII/110023 | FL0672098 | 04/11/2025 | 04/11/2025 | 27/04/2023 | Գրքեր / Books | 30 Days Loan |
ՀՀ Գիտությունների ազգային ակադեմիայի հիմնարար գիտական գրադարան = Fundamental Scientific Library of NAS RA
All site content, except where otherwise noted, is licensed under a